IPD models effects of slotting UK property loan book (Record no. 84308)
[ view plain ]
| 000 -LEADER | |
|---|---|
| fixed length control field | 00976cab a22001935a 4500 |
| 001 - CONTROL NUMBER | |
| control field | L157237 |
| 008 - FIXED-LENGTH DATA ELEMENTS--GENERAL INFORMATION | |
| fixed length control field | 121003e2012 xxk 000 0 eng d |
| 035 ## - SYSTEM CONTROL NUMBER | |
| System control number | (Sirsi) u157237 |
| 041 0# - LANGUAGE CODE | |
| Language code of text/sound track or separate title | eng |
| 100 1# - MAIN ENTRY--PERSONAL NAME | |
| Personal name | Whitmore, James |
| 245 00 - TITLE STATEMENT | |
| Title | IPD models effects of slotting UK property loan book |
| 260 ## - PUBLICATION, DISTRIBUTION, ETC. | |
| Date of publication, distribution, etc. | 2012 |
| 490 #0 - SERIES STATEMENT | |
| Series statement | Property Week |
| Volume/sequential designation | 78(39) 28 September 2012, 21(1) |
| 520 ## - SUMMARY, ETC. | |
| Summary, etc. | IPD has published the first study of the Financial Services Authority's (FSA) new slotting measures designed to ensure banks have enough cash set aside to cover losses on property lending. IPD used real data from its databank classifying 3 442 loans totalling £56.6bn in value according to FSA categories. The study shows that slotting provides disincentives for underwriting "strong"and "good" loans because much more capital has to be held on low-risk lending than is necessary. |
| 590 ## - LOCAL NOTE (RLIN) | |
| Local note | KA |
| 651 #4 - SUBJECT ADDED ENTRY--GEOGRAPHIC NAME | |
| Geographic name | United Kingdom |
| 690 ## - LOCAL SUBJECT ADDED ENTRY--TOPICAL TERM (OCLC, RLIN) | |
| Topical term or geographic name as entry element | Commercial property |
| 9 (RLIN) | 6227 |
| 942 ## - ADDED ENTRY ELEMENTS (KOHA) | |
| Suppress in OPAC | 0 |
| Withdrawn status | Lost status | Source of classification or shelving scheme | Damaged status | Not for loan | Home library | Current library | Shelving location | Date acquired | Total Checkouts | Full call number | Barcode | Date last seen | Copy number | Price effective from | Koha item type |
|---|---|---|---|---|---|---|---|---|---|---|---|---|---|---|---|
| Dewey Decimal Classification | London | London | Journal article | 03/10/2012 | L157237 | 157237-1001 | 06/08/2019 | 1 | 06/08/2019 | Journal article |